000
00486nam a2200157Ia 4500
008
100122s9999 xx 000 0 und d
082
_b
48396
_a
BM823
100
_a
घैसास दिवाकर अनंत
245
_a
सिहासन बत्तीशी
250
_a
0
260
_b
भिकाजी ढवळे
_c
1987
300
_a
96
630
_a
सिहासन बत्तीशी
730
_a
सिहासन बत्तीशी
942
_c
BOOK
999
_c
427032
_d
427029